| Registos Bibliográficos associados ao registo de autoridade |
|
Etiqueta de registo: 00254nam 2200025 450 001 2288252 003 http://id.bnportugal.gov.pt/bib/catbnp/2288252 010 ## $a978-989-36794-0-1 021 ## $aPT$b563017/26 100 ## $a20260618d2026 m y0pory01030103ba 101 0# $apor 102 ## $aPT 105 ## $ay z 000yy 106 ## $ar 200 1# $aMiñán$dIrmãozinho$fIbrahima Balde, Amets Arzallus Antia$gtrad. Jorge Melícias$zpor 210 #9 $a[S.l.]$cFlâneur$cAssociação para o Desenvolvmento MEERU,$d2026 215 ## $a145, [3] p.$d19 cm 510 1# $aIrmãozinho$zpor 700 #1 $aBalde,$bIbrahima,$f1994-$32001008 701 #1 $aArzallus Antia,$bAmets,$f1983-$4070$32001014 702 #1 $aMelícias,$bJorge,$f1970-$4730$3135145 801 #0 $aPT$bBN$gRPC 966 ## $lBN$mFGMON$x1 966 ## $lBN$mFGMON$x1 971 ## $cabrito$d20260618
|
|
|